[Event "Erfurt op-A 29th"]
[Site "Erfurt"]
[Date "2019.12.29"]
[Round "7"]
[White "Mucha, Annegret"]
[Black "Nicolai, Tim"]
[Result "0-1"]
[WhiteElo "2041"]
[BlackElo "1913"]
[PlyCount "84"]
[EventDate "2019.12.26"]
[EventType "swiss"]
[EventRounds "8"]
[EventCountry "GER"]
[SourceTitle "CBM 194 Extra"]
[Source "ChessBase"]
[SourceDate "2020.03.31"]
[SourceVersion "1"]
[SourceVersionDate "2020.03.31"]
[SourceQuality "1"]

1. Nc3 c5 2. e4 e6 3. f4 a6 4. Nf3 Nc6 5. g3 d5 6. d3 Nge7 7. Bg2 g6 8. 0-0 Bg7 9. Kh1 0-0 10. g4 Nd4 11. Nxd4 cxd4 12. Ne2 dxe4 13. dxe4 Nc6 14. Ng3 Qa5 15. f5 exf5 16. gxf5 Re8 17. Bd2 Qb6 18. Qc1 Ne5 19. Bh6 Bf6 20. Qf4 Nd7 21. fxg6 hxg6 22. Bh3 Re6 23. Rae1 Qc6 24. Kg1 d3 25. Bxe6 Bd4+ 26. Kh1 Qxe6 27. cxd3 Ne5 28. Qd2 Bd7 29. Be3 Bxe3 30. Qxe3 Bb5 31. Rd1 Rd8 32. d4 Ng4 33. Qg5 Rc8 34. d5 Qd7 35. Rf3 Rc2 36. Nh5 Rxh2+ 37. Kg1 Rxh5 38. Qf4 Be2 39. Rc1 Bxf3 40. Qxf3 Ne5 41. Qf6 Qg4+ 42. Kf2 Nd3+ 0-1

[Event "Erfurt op-A 29th"]
[Site "Erfurt"]
[Date "2019.12.26"]
[Round "1"]
[White "Halas, Julia"]
[Black "Nicolai, Tim"]
[Result "0-1"]
[WhiteElo "2087"]
[BlackElo "1913"]
[PlyCount "34"]
[EventDate "2019.12.26"]
[EventType "swiss"]
[EventRounds "8"]
[EventCountry "GER"]
[SourceTitle "CBM 194 Extra"]
[Source "ChessBase"]
[SourceDate "2020.03.31"]
[SourceVersion "1"]
[SourceVersionDate "2020.03.31"]
[SourceQuality "1"]

1. d4 f5 2. c4 Nf6 3. g3 e6 4. Bg2 Bb4+ 5. Bd2 Be7 6. Nc3 0-0 7. Nh3 d6 8. 0-0 e5 9. dxe5 dxe5 10. e4 fxe4 11. Ng5 Bg4 12. Qc2 Nc6 13. Ngxe4 Nd4 14. Nxf6+ Rxf6 15. Qe4 Nf3+ 16. Bxf3 Bxf3 17. Qc2 Qd7 0-1

[Event "Oberliga Ost-B 1718"]
[Site "Germany"]
[Date "2018.02.03"]
[Round "6.6"]
[White "Nicolai, Tim"]
[Black "Guenther, Christian1111"]
[Result "0-1"]
[WhiteElo "1909"]
[BlackElo "2137"]
[PlyCount "100"]
[EventDate "2017.10.22"]
[EventType "team-tourn"]
[EventRounds "11"]
[EventCountry "GER"]
[SourceTitle "EXT 2019"]
[Source "ChessBase"]
[SourceDate "2018.10.10"]
[SourceVersion "1"]
[SourceVersionDate "2018.10.10"]
[SourceQuality "1"]
[WhiteTeam "Erfurt Empor"]
[BlackTeam "Sangerhausen"]
[WhiteTeamCountry "GER"]
[BlackTeamCountry "GER"]

1. e4 Nf6 2. e5 Nd5 3. d4 d6 4. Bc4 Nb6 5. Bb3 dxe5 6. Qh5 e6 7. dxe5 Nc6 8. Nf3 a5 9. a4 Nd4 10. Nxd4 Qxd4 11. 0-0 g6 12. Qe2 Bg7 13. Re1 Nd7 14. Bd2 Qxe5 15. Qc4 Qc5 16. Qe2 0-0 17. Nc3 b6 18. Ne4 Qc6 19. Ng5 Nc5 20. Bc4 Bxb2 21. Qg4 Bb7 22. Rab1 Bg7 23. Qh3 h6 24. Nf3 h5 25. Ne5 Qd6 26. Bf4 Qe7 27. g4 Qf6 28. Bg3 hxg4 29. Qxg4 Qf5 30. Qh4 f6 31. Nxg6 Qxg6 32. Rxe6 Nxe6 33. Bxe6+ Rf7 34. Rd1 Kf8 35. Bxf7 Qxf7 36. Qg4 Bc6 37. Rd3 Re8 38. f3 f5 39. Qg5 Bxa4 40. h4 Qf6 41. Qh5 f4 42. Bf2 Bxc2 43. Rd7 Qg6+ 44. Qxg6 Bxg6 45. Rxc7 b5 46. Rc5 b4 47. Rg5 Kf7 48. h5 Bc2 49. Rxa5 b3 50. Ra7+ Re7 0-1

[Event "Oberliga Ost-B 1718"]
[Site "Germany"]
[Date "2017.12.10"]
[Round "4.7"]
[White "Nicolai, Tim"]
[Black "Medvedovski, Michael"]
[Result "1-0"]
[WhiteElo "1909"]
[BlackElo "2034"]
[PlyCount "47"]
[EventDate "2017.10.22"]
[EventType "team-tourn"]
[EventRounds "11"]
[EventCountry "GER"]
[SourceTitle "EXT 2019"]
[Source "ChessBase"]
[SourceDate "2018.10.10"]
[SourceVersion "1"]
[SourceVersionDate "2018.10.10"]
[SourceQuality "1"]
[WhiteTeam "Erfurt Empor"]
[BlackTeam "Frankfurt TV"]
[WhiteTeamCountry "GER"]
[BlackTeamCountry "GER"]

1. e4 c5 2. Nf3 Nc6 3. d4 cxd4 4. Nxd4 e5 5. Nb5 a6 6. Nd6+ Bxd6 7. Qxd6 Qf6 8. Qd1 Qg6 9. Nc3 d5 10. Nxd5 Qxe4+ 11. Be3 Nd4 12. Nc7+ Ke7 13. Nxa8 Nxc2+ 14. Kd2 Nxe3 15. fxe3 Nf6 16. Qb3 Rd8+ 17. Ke1 Ng4 18. Qa3+ Kf6 19. Be2 Nxe3 20. Rf1+ Bf5 21. Kf2 Nc2 22. Qc5 Nxa1 23. Qb6+ Qc6 24. Qxd8+ 1-0

[Event "Oberliga Ost-B 1617"]
[Site "Germany"]
[Date "2016.11.20"]
[Round "3.8"]
[White "Olesiak, Marcin"]
[Black "Nicolai, Tim"]
[Result "1-0"]
[WhiteElo "1997"]
[BlackElo "1851"]
[PlyCount "59"]
[EventDate "2016.10.16"]
[EventType "team-tourn"]
[EventRounds "11"]
[EventCountry "GER"]
[SourceTitle "EXT 2018"]
[Source "ChessBase"]
[SourceDate "2017.10.13"]
[SourceVersion "1"]
[SourceVersionDate "2017.10.13"]
[SourceQuality "1"]
[WhiteTeam "Oberursel"]
[BlackTeam "Erfurt Empor"]
[WhiteTeamCountry "GER"]
[BlackTeamCountry "GER"]

1. d4 f5 2. c4 Nf6 3. Nc3 g6 4. Nf3 Bg7 5. Bf4 0-0 6. e3 d6 7. Be2 Qe8 8. Qb3 Kh8 9. h3 e6 10. 0-0 h6 11. c5 g5 12. Bh2 Qe7 13. cxd6 cxd6 14. Qa3 Rd8 15. Ne5 Kh7 16. Nb5 Bf8 17. Rac1 Na6 18. Nc4 Ne8 19. Nbxd6 Nxd6 20. Bxd6 Rxd6 21. Qxd6 Qxd6 22. Nxd6 Bxd6 23. Bxa6 bxa6 24. Rc6 Bf8 25. Rc7+ Kg6 26. Rfc1 e5 27. Rxc8 Rxc8 28. Rxc8 Bg7 29. d5 e4 30. d6 1-0

[Event "Oberliga Ost-B 1617"]
[Site "Germany"]
[Date "2016.11.19"]
[Round "2.8"]
[White "Nicolai, Tim"]
[Black "Foermes, Alexander"]
[Result "1-0"]
[WhiteElo "1851"]
[BlackElo "2079"]
[PlyCount "71"]
[EventDate "2016.10.16"]
[EventType "team-tourn"]
[EventRounds "11"]
[EventCountry "GER"]
[SourceTitle "EXT 2018"]
[Source "ChessBase"]
[SourceDate "2017.10.13"]
[SourceVersion "1"]
[SourceVersionDate "2017.10.13"]
[SourceQuality "1"]
[WhiteTeam "Erfurt Empor"]
[BlackTeam "Marburg"]
[WhiteTeamCountry "GER"]
[BlackTeamCountry "GER"]

1. e4 e6 2. d4 d5 3. Nc3 Nf6 4. e5 Nfd7 5. f4 c5 6. Nf3 Nc6 7. Be3 a6 8. Qd2 b5 9. Qf2 Qa5 10. g4 b4 11. Ne2 b3+ 12. c3 Qxa2 13. Rd1 Qxb2 14. Bg2 a5 15. 0-0 Ba6 16. Rd2 Qa3 17. f5 Be7 18. Ng5 Bxg5 19. fxe6 Bxe3 20. exd7+ Kxd7 21. Qxe3 cxd4 22. cxd4 Bxe2 23. Rxe2 Nd8 24. Bxd5 Rb8 25. e6+ fxe6 26. Bxe6+ Kc7 27. Rc1+ Kb7 28. Bd5+ Ka7 29. Rc7+ Nb7 30. Bxb3 Rhe8 31. Rxb7+ Kxb7 32. Bd5+ Kc8 33. Qxa3 Rxe2 34. Qxa5 Kd7 35. Qa7+ Kc8 36. Qa6+ 1-0

[Event "Oberliga Ost-B 1516"]
[Site "Germany"]
[Date "2016.04.09"]
[Round "10.8"]
[White "Syed, Tareq"]
[Black "Nicolai, Tim"]
[Result "0-1"]
[WhiteElo "2056"]
[BlackElo "1733"]
[PlyCount "54"]
[EventDate "2015.09.20"]
[EventType "team-tourn"]
[EventRounds "11"]
[EventCountry "GER"]
[SourceTitle "EXT 2017"]
[Source "ChessBase"]
[SourceDate "2016.10.25"]
[SourceVersion "1"]
[SourceVersionDate "2016.10.25"]
[SourceQuality "1"]
[WhiteTeam "Frankfurt BvK"]
[BlackTeam "Erfurt Empor"]
[WhiteTeamCountry "GER"]
[BlackTeamCountry "GER"]

1. d3 e5 2. g3 d5 3. a3 Nc6 4. Bg2 Be6 5. b4 f6 6. Nd2 Qd7 7. Bb2 Nh6 8. h4 Nf7 9. Ngf3 h5 10. Rc1 0-0-0 11. Nb3 Re8 12. b5 Ncd8 13. a4 Kb8 14. 0-0 Rg8 15. c4 g5 16. c5 c6 17. hxg5 Nxg5 18. bxc6 Nxf3+ 19. exf3 Nxc6 20. Qe1 h4 21. g4 Bxg4 22. Kh2 Bf5 23. Rd1 Qc7 24. f4 Bh6 25. fxe5 Bf4+ 26. Kh1 Qd7 27. Bf3 Be4 0-1

[Event "GER-chT U20"]
[Site "Osnabrueck"]
[Date "2015.12.29"]
[Round "6.2"]
[White "Nicolai, Tim"]
[Black "Diyap, Murat"]
[Result "1-0"]
[WhiteElo "1828"]
[BlackElo "2135"]
[PlyCount "59"]
[EventDate "2015.12.27"]
[EventType "team-swiss"]
[EventRounds "7"]
[EventCountry "GER"]
[SourceTitle "EXT 2017"]
[Source "ChessBase"]
[SourceDate "2016.10.25"]
[SourceVersion "1"]
[SourceVersionDate "2016.10.25"]
[SourceQuality "1"]
[WhiteTeam "Erfurt Empor"]
[BlackTeam "Frankfurt"]
[WhiteTeamCountry "GER"]
[BlackTeamCountry "GER"]

1. e4 e6 2. d4 d5 3. Nc3 Nf6 4. Bg5 Bb4 5. e5 h6 6. Bd2 Bxc3 7. bxc3 Ne4 8. Bd3 c5 9. Qg4 Nxd2 10. Qxg7 Rf8 11. Kxd2 cxd4 12. cxd4 Qa5+ 13. c3 Nc6 14. Ne2 b6 15. Qxh6 Ba6 16. Bxa6 Qxa6 17. Qf6 Qa3 18. Rhb1 Rc8 19. Ke1 Kd7 20. Kf1 Qa6 21. Re1 Ne7 22. Kg1 Qd3 23. Rad1 Qc2 24. Rc1 Qh7 25. Ng3 Rh8 26. h3 Rhg8 27. Qf3 Rg5 28. c4 Rcg8 29. cxd5 Nxd5 30. Qa3 1-0

[Event "GER-chT U14"]
[Site "Magdeburg"]
[Date "2012.12.28"]
[Round "4.1"]
[White "Nicolai, Tim"]
[Black "Oberhofer, Cedric"]
[Result "0-1"]
[WhiteElo "1647"]
[BlackElo "1806"]
[PlyCount "84"]
[EventDate "2012.12.27"]
[EventType "team-swiss"]
[EventRounds "7"]
[EventCountry "GER"]
[SourceTitle "EXT 2014"]
[Source "ChessBase"]
[SourceDate "2013.11.20"]
[SourceVersion "1"]
[SourceVersionDate "2013.11.20"]
[SourceQuality "1"]
[WhiteTeam "Erfurt Empor"]
[BlackTeam "Regensburg Bavaria"]
[WhiteTeamCountry "GER"]
[BlackTeamCountry "GER"]

1. e4 c5 2. Nf3 d6 3. d4 cxd4 4. Nxd4 Nf6 5. Nc3 a6 6. f4 e6 7. Be3 b5 8. a3 Bb7 9. Bd3 Nbd7 10. g4 Nc5 11. Qf3 Rc8 12. g5 Nfd7 13. Rg1 Nxd3+ 14. cxd3 Nc5 15. Ke2 Be7 16. Qh5 g6 17. Qg4 d5 18. e5 Qd7 19. h4 Bc6 20. h5 a5 21. hxg6 hxg6 22. Rh1 Rf8 23. Na2 Na6 24. Rac1 b4 25. axb4 axb4 26. b3 Bb7 27. Qh3 Nc7 28. Bd2 Na6 29. Rxc8+ Bxc8 30. Rc1 Bb7 31. Qh1 Qd8 32. Nc6 Bxc6 33. Rxc6 Qa5 34. Qc1 Kd7 35. Nxb4 Nxb4 36. Bxb4 Bxb4 37. Qc2 Rh8 38. Kf3 d4 39. Rc4 Bc3 40. Kg4 Qa1 41. Qg2 Qd1+ 42. Kg3 Be1+ 0-1